| 000 | 00628nam a22001937a 4500 | ||
|---|---|---|---|
| 005 | 20251108172800.0 | ||
| 008 | 250721s2004 xx 000 0 ara d | ||
| 082 | 1 | 4 | _a615.882/عبد |
| 100 | 1 | _aعبد الرؤوف، محمود بديع | |
| 245 | 1 | 0 | _aعلاج أمراض المفاصل 150 وصفة و وصفة في العلاج الطبيعي / |
| 264 | 1 |
_aعمان : _bدار الإسراء للنشر والتوزيع، _c2004. |
|
| 300 | _a96ص. | ||
| 650 | 1 | 7 | _aالم الظهر |
| 650 | 1 | 7 | _aالمفاصل |
| 650 | 1 | 7 | _aالطب الشعبي |
| 650 | 1 | 7 | _aالامراض |
| 942 |
_2ddc _cBK |
||
| 999 |
_c88369 _d88369 |
||